[Event "NOR-ch Elite 2017"]
[Site "Stavanger"]
[Date "2017.07.03"]
[Round "4"]
[White "Haug, Johannes"]
[Black "Elsness, Frode"]
[Result "1/2-1/2"]
[WhiteElo "2328"]
[BlackElo "2450"]
[Annotator "TA"]
[PlyCount "114"]
[EventDate "2017.??.??"]
[EventType "swiss"]
[EventCountry "NOR"]
[SourceTitle "playchess.com"]
[Source "ChessBase"]
[SourceQuality "1"]

{[%evp 10,114,13,14,30,24,24,30,30,22,27,26,27,15,27,23,30,22,29,0,4,10,15,0,3,9,45,14,99,22,22,22,20,22,55,59,54,11,58,61,70,0,0,0,14,0,0,0,6,-5,0,0,13,0,6,0,15,0,9,0,0,-5,0,0,0,-9,16,9,9,13,22,20,32,31,25,47,33,15,20,12,7,10,17,0,0,0,0,0,0,0,0,0,0,0,0,0,0,0,0,0,0,0,0,0,0,0,0]} 1. d4 Nf6 2. c4 e6 3. Nf3 d5 4. Nc3 Bb4 5. Qb3 c5 6. dxc5 Nc6 {[#] White must now prevent ...d4. D38: Queen's Gambit Declined: Ragozin Defence (4 Nf3 Bb4)} 7. Bg5 h6 (7... Qa5 8. Bxf6 dxc4 9. Qxc4 gxf6 10. Rc1 Qxc5 11. Qf4 Ke7 12. g3 e5 13. Qh6 Bxc3+ 14. bxc3 {1-0 (42) Wang,H (2680)-Vidit,S (2687) Chengdu 2017}) 8. Bxf6 Qxf6 {White has an edge.} 9. e3 dxc4 10. Bxc4 Qe7 $146 ({Predecessor:} 10... Bxc5 11. O-O O-O 12. Ne4 Qe7 13. Nxc5 Qxc5 14. Rac1 Qe7 15. Rfd1 {½-½ (15) Schwing,H (2287)-Tschann,S (2234) Germany 2013}) 11. O-O Bxc5 12. Rfd1 O-O 13. Be2 $36 {[%mdl 2048] Black is under pressure.} Bb6 14. Na4 Bc7 15. Rac1 Rd8 16. Rxd8+ Bxd8 17. a3 e5 (17... Na5 $5 {[%cal Ra5b3]} 18. Qd1 Bd7 $14) 18. Nc5 b6 {[#]} (18... Bb6 $11 {keeps the balance.} 19. Qc3 Bxc5 20. Qxc5 Qxc5 21. Rxc5 f6) 19. Qd5 (19. Bb5 $1 $16 {[%cal Rb5c6]} bxc5 20. Bxc6) 19... bxc5 $11 20. Qxc6 Bb7 21. Qa4 e4 22. Nd2 Bb6 23. Ba6 Bd5 24. Bc4 Bb7 25. Ba6 (25. Nb1 $14) 25... Bxa6 26. Qxa6 Rd8 27. Nf1 Qe5 28. Qb5 Rd5 29. Qb3 Rd3 30. Qc2 Qd6 31. h3 f5 32. Qa4 Qd7 33. Qc4+ Qd5 34. Qa4 Kh7 35. Qc2 Kg6 36. Qa4 Kh7 37. Qc2 (37. Qe8 {is more complex.} Bc7 38. Qc8 Bd6 39. Ng3 g6 40. Qd7+) 37... Qb3 38. Qxb3 Rxb3 {[%mdl 4096] Endgame KRB-KRN} 39. Rc2 Rd3 40. g4 g6 41. Ng3 Rd5 42. Kg2 Kg7 43. gxf5 gxf5 {The position is equal.} 44. f3 exf3+ 45. Kxf3 Kf7 46. Ne2 Rd3 47. Nf4 Rb3 48. Nd5 Rd3 49. Nxb6 axb6 {KR-KR} 50. b4 Rxa3 51. bxc5 bxc5 52. Rxc5 Kf6 53. Rc4 Kg5 54. Rb4 Ra1 55. Kg3 Rg1+ 56. Kf2 Rh1 57. Kg2 Re1 {Precision: White = 52%, Black = 52%.} 1/2-1/2

[Event "NOR-ch Elite 2017"]
[Site "Stavanger"]
[Date "2017.07.03"]
[Round "4"]
[White "Tryggestad, Andreas Garberg"]
[Black "Christiansen, Johan-Sebastian"]
[Result "0-1"]
[WhiteElo "2324"]
[BlackElo "2471"]
[Annotator "TA"]
[PlyCount "90"]
[EventDate "2017.??.??"]
[EventType "swiss"]
[EventCountry "NOR"]
[SourceTitle "playchess.com"]
[Source "ChessBase"]
[SourceQuality "1"]

{[%evp 14,90,-5,-13,-18,-43,-44,-36,-39,-67,-53,-64,-62,-62,-62,-62,-54,-61,-65,-88,-95,-108,-107,-107,-100,-134,-147,-125,-93,-272,-264,-254,-265,-264,-263,-264,-265,-244,-251,-258,-268,-277,-270,-272,-270,-278,-254,-240,-226,-222,-156,-360,-363,-360,-362,-344,-345,-394,-371,-454,-447,-640,-620,-565,-355,-570,-293,-476,-451,-589,-438,-583,-577,-571,-548,-2097,-1153,-6706,-1191]} 1. e4 e5 2. Nf3 Nc6 3. Bb5 f5 4. d3 fxe4 5. dxe4 Nf6 6. Nc3 Bb4 7. Qd3 {C63: Ruy Lopez: Schliemann/Jaenisch Defence} Bxc3+ 8. bxc3 {LiveBook: 5 Games} (8. Qxc3 Nxe4 9. Qe3 Nf6 10. Nxe5 Nxe5 11. Qxe5+ Qe7 12. Bf4 c6 13. Bd3 Qxe5+ 14. Bxe5 d5 {1-0 (26) Shirov,A (2677)-Zelbel,P (2457) Novi Sad 2016}) 8... d6 9. Bxc6+ $146 {The position is equal.} ({Predecessor:} 9. Ba3 a6 10. Bc4 Bd7 11. Ng5 Qe7 12. Nf7 b5 13. Bb3 Rf8 14. Nxd6+ cxd6 15. Bxd6 {1-0 (30) Horvath,A (2308)-Morvay,M (2215) Hungary 2011}) 9... bxc6 10. O-O a5 {[%cal Ba7a5,Ba5a4][%mdl 32]} 11. Qc4 Qd7 {aiming for ...Ba6.} 12. Re1 Ba6 13. Qb3 c5 14. Bg5 a4 15. Qa3 O-O $36 {[%mdl 2048] Black has the initiative.} 16. Qc1 Nh5 17. Qd1 Qf7 18. a3 Rab8 19. Rb1 Rxb1 20. Qxb1 Qg6 21. Kh1 $2 {[#]} (21. Be7 $17 Re8 22. Bg5) 21... Rxf3 $1 $19 {[%mdl 512]} 22. gxf3 Qxg5 23. Qb8+ Kf7 24. Qxc7+ Qe7 25. Qc6 Bc4 26. Rb1 {[#] Threatens to win with Rb7.} Qf6 $1 {[%cal Rf6f3]} 27. Qd7+ {[#]} Kg6 $1 28. Qg4+ Kh6 {Hoping for ...Be6.} 29. h4 Be2 30. Kg2 Nf4+ 31. Kg3 Ne6 32. Rb6 $2 (32. Rb7 $17 {was called for.}) 32... Qe7 33. Rb8 g6 34. Ra8 Bb5 35. Ra5 Be8 36. Ra6 Kg7 37. Ra8 (37. Rb6 $142 Bf7 38. Kh3) 37... h5 38. Qh3 Bc6 39. Ra6 $2 (39. Rb8 {is the only way for White.}) 39... Nd8 {White must now prevent ...Qb7.} 40. Qf1 $2 (40. Qc8 Bb7 41. Ra7) 40... Qb7 {Black is clearly winning.} 41. Ra5 Qc7 42. Ra6 {and the idea Qb1 leaves White hopeful.} Ne6 43. Qb1 {If only White now had time for Qb6....} Nf4 44. Kh2 Qd7 {( -> ...Qh3+)} 45. Kg1 Bb5 {Precision: White = 39%, Black = 84%.} (45... Qh3 $142 46. Qf1 Qxf1+ 47. Kxf1 Bb5+ 48. Kg1 Bxa6) 0-1

[Event "NOR-ch Elite 2017"]
[Site "Stavanger"]
[Date "2017.07.03"]
[Round "4"]
[White "Risting, Eivind Olav"]
[Black "Holm, Kristian Stuvik"]
[Result "1/2-1/2"]
[WhiteElo "2307"]
[BlackElo "2403"]
[Annotator "ChessBase"]
[PlyCount "28"]
[EventDate "2017.??.??"]
[EventType "swiss"]
[EventCountry "NOR"]
[SourceTitle "playchess.com"]
[Source "ChessBase"]
[SourceQuality "1"]
[TimeControl "40/5400+30:1800+30"]

1. d4 {[%emt 0:00:00]} Nf6 {[%emt 0:01:13]} 2. c4 {[%emt 0:00:12]} g6 {[%emt 0:00:13]} 3. Nf3 {[%emt 0:00:48]} Bg7 {[%emt 0:00:07]} 4. g3 {[%emt 0:00:12]} b6 {[%emt 0:03:36]} 5. Bg2 {[%emt 0:00:40]} Bb7 {[%emt 0:00:05]} 6. O-O {[%emt 0:00:15]} O-O {[%emt 0:00:06]} 7. Nc3 {[%emt 0:02:19]} Ne4 {[%emt 0:00:22]} 8. Bd2 {[%emt 0:02:58]} Nxc3 {[%emt 0:11:56]} 9. Bxc3 {[%emt 0:00:49]} Be4 {[%emt 0:00:04]} 10. Qd2 {[%emt 0:08:05]} c6 {[%emt 0:06:25]} 11. Rac1 {[%emt 0:11:28]} d5 {[%emt 0:13:44]} 12. b3 {[%emt 0:02:41]} a5 {[%emt 0:03:20]} 13. Rfd1 {[%emt 0:03:11]} Nd7 {[%emt 0:04:04]} 14. Qf4 {[%emt 0:20:35]} e6 {[%emt 0:14:11]} 1/2-1/2

[Event "NOR-ch Elite 2017"]
[Site "Stavanger"]
[Date "2017.07.03"]
[Round "4"]
[White "Aulin-Jansson, Joran"]
[Black "Machlik, Endre"]
[Result "1-0"]
[WhiteElo "2267"]
[BlackElo "2157"]
[Annotator "NA"]
[PlyCount "59"]
[EventDate "2017.??.??"]
[EventType "swiss"]
[EventCountry "NOR"]
[SourceTitle "playchess.com"]
[Source "ChessBase"]
[SourceQuality "1"]
[TimeControl "40/5400+30:1800+30"]

{[%evp 8,59,-27,-36,14,-7,18,-20,15,-33,-42,-29,-45,-27,-40,-41,0,-54,20,-10,-25,-32,118,137,129,92,237,194,378,428,474,392,404,439,447,429,466,32767,670,930,768,620,681,770,825,823,749,717,666,444,868,32767,32767,809]} 1. e4 {[%emt 0:00:00]} c6 {[%emt 0:00:04]} 2. Nc3 {[%emt 0:00:00]} d5 {[%emt 0:00:06]} 3. d3 {[%emt 0:00:04]} e5 {[%emt 0:00:17]} 4. g3 {[%emt 0:01:16] B11: Caro-Kann: Two Knights Variation} Nf6 {[%emt 0:01:38]} 5. Bg2 {[%emt 0:00:07] LiveBook: 14 Games} Be6 {[%emt 0:00:24]} (5... dxe4 6. dxe4 Qxd1+ 7. Nxd1 Be6 8. f3 Na6 9. a3 Nd7 10. Be3 Bc5 11. Ne2 Ke7 12. Kf2 {½-½ (33) Lu,S (2620)-Wang,Y (2706) China 2017}) 6. Nf3 {[%emt 0:07:51]} Bd6 {[%emt 0:01:24]} 7. O-O {[%emt 0:00:09]} (7. d4 $5 {[%cal Rd4e5]}) 7... O-O {[%emt 0:00:48]} (7... d4 $5 {[%cal Rd4c3]} 8. Ne2 c5 $15) 8. Ng5 $146 {[%emt 0:05:03]} (8. d4 $5 {[%cal Rd4e5]}) ({Predecessor:} 8. Bg5 Nbd7 9. d4 Rc8 10. dxe5 Nxe5 11. exd5 cxd5 12. Bxf6 Qxf6 13. Nxd5 Bxd5 14. Qxd5 Rxc2 15. Qxb7 Rxb2 {0-1 (21) Safi,M-Joshi,G (1972) ICCF email 2012}) 8... Bg4 {[%emt 0:03:38]} 9. f3 {[%emt 0:03:29]} Bc8 {[%emt 0:02:29]} 10. f4 {[%emt 0:02:55]} h6 {[%emt 0:19:24]} 11. Nh3 {[%emt 0:04:25]} Qb6+ {[%emt 0:12:54]} 12. Kh1 {[%emt 0:01:23]} Rd8 {[%emt 0:00:42]} ({Black should play} 12... d4 $15 13. Ne2 Bg4) 13. f5 {[%emt 0:02:11]} Bb4 (13... d4 $5 {[%cal Rd4c3]} 14. Nb1 Qc7 $15) 14. Nf2 {[%emt 0:04:24]} Na6 {[%emt 0:15:43]} (14... d4 $15 {keeps the upper hand.} 15. Ne2 Be7) 15. Ng4 {[%emt 0:03:26]} Nxg4 {[%emt 0:09:53]} 16. Qxg4 {[%emt 0:00:13]} Kf8 {[%emt 0:00:16]} (16... Rd6 $16 {was called for.}) 17. Qh4 {[%emt 0:01:43]} Be7 $2 {[%emt 0:01:20] [#]} (17... d4) 18. f6 $1 {[%emt 0:04:33]} Bxf6 {[%emt 0:00:53]} 19. Rxf6 {[%emt 0:00:08]} gxf6 {[%emt 0:00:08]} 20. Qxf6 {[%emt 0:00:25]} Be6 {[%emt 0:02:15]} 21. Bxh6+ {[%emt 0:01:30]} Ke8 {[%emt 0:00:07]} 22. Bg5 {[%emt 0:01:36]} Qc7 $2 {[%emt 0:03:05]} (22... Qc5 23. Rf1 Nc7 24. exd5 cxd5 25. Qxe5 b6) 23. exd5 {[%emt 0:00:30]} cxd5 {[%emt 0:02:23]} 24. Nb5 {[%emt 0:03:51]} Qc5 {[%emt 0:00:59]} 25. d4 {[%emt 0:00:10]} exd4 {[%emt 0:00:43]} 26. Nxd4 {[%emt 0:00:08]} Nc7 {[%emt 0:01:26]} 27. Re1 {[%emt 0:00:45]} Kd7 {[%emt 0:00:49]} 28. c4 {[%emt 0:32:43]} Rf8 $18 {[%emt 0:17:03]} 29. cxd5 {[%emt 0:02:03]} Nxd5 {[%emt 0:01:01]} 30. Nxe6 {[%emt 0:00:34]} 1-0

[Event "NOR-ch Elite 2017"]
[Site "Stavanger"]
[Date "2017.07.04"]
[Round "5"]
[White "Agdestein, Simen"]
[Black "Lie, Kjetil A"]
[Result "1/2-1/2"]
[WhiteElo "2604"]
[BlackElo "2539"]
[Annotator "TA"]
[PlyCount "140"]
[EventDate "2017.??.??"]
[EventType "swiss"]
[EventCountry "NOR"]
[SourceTitle "playchess.com"]
[Source "ChessBase"]
[SourceQuality "1"]

{[%evp 25,140,0,0,0,0,-15,-11,0,0,-12,-4,-10,-9,-12,-2,-15,-10,-8,0,-18,-20,-13,-16,-12,-8,-8,-8,-6,-1,-2,0,0,0,0,0,0,0,0,0,-2,0,-6,-9,-13,-12,-12,-7,-5,0,-10,-10,-10,-10,-7,-8,-13,0,0,0,-6,-4,-8,0,0,0,0,0,0,0,0,0,0,0,0,0,0,0,0,0,0,0,0,0,0,0,0,0,0,0,0,0,0,0,0,0,0,0,0,0,0,0,0,0,0,0,0,0,0,0,0,0,0,0,0,0,0,0]} 1. d4 Nf6 2. c4 e6 3. Nc3 Bb4 4. e3 O-O 5. Bd3 c5 6. Nf3 d5 7. O-O dxc4 8. Bxc4 cxd4 9. exd4 b6 10. Bg5 Bb7 11. Re1 Nbd7 12. Rc1 Rc8 13. Bd3 {E54: Nimzo-Indian: Rubinstein: Main Line: 7...dxc4 8 Bxc4} h6 {LiveBook: 10 Games. The position is equal.} 14. Bh4 {[%cal Bg5h4,Bh4g3,Bg3e5][%mdl 32]} Be7 15. Bb1 Re8 16. Qd3 Nf8 17. Ne5 {[#]} N6d7 $146 ({Predecessor:} 17... Nh5 18. Bg3 Nxg3 19. hxg3 Qd6 20. a3 Red8 {½-½ (53) Kamsky,G (2721)-Movsesian,S (2700) Antalya 2013}) 18. Bg3 Nxe5 19. Bxe5 Ng6 20. Bg3 Bh4 21. Rcd1 Qf6 22. Ne4 Bxe4 $1 23. Qxe4 Bxg3 24. hxg3 Rcd8 25. d5 Re7 26. dxe6 Rxe6 27. Qc2 {[#] Black must now prevent Rxd8+.} Rde8 28. Rxe6 Qxe6 29. b4 Qg4 30. a3 Nf8 31. Qd3 g6 32. Ba2 Qe2 33. Bc4 (33. Bb3 {is interesting.} Qxd3 34. Rxd3 Re1+ 35. Kh2 Re2 36. f3) 33... Qxd3 34. Rxd3 $11 {[%mdl 4096] Endgame KRB-KRN} Re1+ 35. Kh2 Kg7 36. Rc3 Nd7 37. g4 (37. f3 {keeps more tension.} Ne5 38. Ba6 Ra1 39. g4 g5 40. Kh3) 37... Ne5 38. f3 Nxc4 39. Rxc4 {KR-KR} Ra1 40. Rc3 Ra2 41. f4 g5 42. Kg3 a5 43. Kf3 gxf4 44. bxa5 bxa5 45. Kxf4 Kg6 46. Kg3 a4 47. Kh4 Ra1 48. Rc6+ f6 49. Rc3 Rh1+ 50. Kg3 Rb1 51. Kf4 Rb3 52. Rf3 Rb2 53. Rd3 Rf2+ 54. Kg3 Rc2 55. Rf3 Rb2 56. Kh4 Rb3 57. Rh3 Rb2 58. Rf3 Ra2 59. Rc3 Ra1 60. Rf3 Rh1+ 61. Kg3 Rc1 62. Rf4 Rc3+ 63. Rf3 Rb3 64. Kf4 Rb2 65. Kg3 Kf7 66. Kh4 Rb3 67. Kh5 Kg7 68. Kh4 Kg6 69. Rh3 Rb2 70. Rf3 Rb3 {Precision: White = 81%, Black = 74%.} 1/2-1/2

[Event "NOR-ch Elite 2017"]
[Site "Stavanger"]
[Date "2017.07.04"]
[Round "5"]
[White "Urkedal, Frode"]
[Black "Hammer, Jon Ludvig"]
[Result "0-1"]
[WhiteElo "2543"]
[BlackElo "2628"]
[Annotator "TA"]
[PlyCount "132"]
[EventDate "2017.??.??"]
[EventType "swiss"]
[EventCountry "NOR"]
[SourceTitle "playchess.com"]
[Source "ChessBase"]
[SourceQuality "1"]

{[%evp 20,132,10,18,42,23,15,10,12,8,16,4,0,0,9,6,26,8,14,0,12,0,11,0,0,0,4,0,8,0,0,0,7,11,8,8,8,7,7,8,8,-58,-61,-90,-87,-87,-92,-92,-87,-87,-72,-72,-95,-108,-95,-109,-51,-51,0,0,0,-37,0,-107,-110,-107,-101,-183,-183,-228,-228,-203,-79,-127,-91,-114,-66,-66,-66,-66,-66,-66,0,-50,-8,-8,-8,-8,-8,-8,-8,-8,-8,-8,-8,-8,-8,-8,-8,-18,-14,-33,0,0,0,-8,-8,-2278,-1504,-2881,-1712,-2625,-2269,-29967,-29952]} 1. d4 Nf6 2. c4 e6 3. Nc3 Bb4 4. Qc2 d5 5. a3 Bxc3+ 6. Qxc3 Ne4 7. Qc2 c5 8. dxc5 Nc6 9. e3 Qa5+ 10. Bd2 Nxd2 11. Qxd2 dxc4 {E37: Nimzo-Indian: Classical: 4...d5 5 a3 Bxc3+ 6 Qxc3 Ne4} 12. Bxc4 {Hoping for b4.} (12. Qxa5 Nxa5 13. Rc1 b5 14. cxb6 Bb7 15. bxa7 Ke7 16. Ne2 Rxa7 17. Nc3 Rb8 18. Na2 Bd5 19. Nb4 Nc6 20. Nxc6+ Bxc6 21. Rxc4 Ba4 22. Bd3 Rxb2 23. O-O Bb5 24. Rc3 Bxd3 25. Rxd3 Ra2 {½-½ (25) Lupulescu,C (2626)-Baklan,V (2617) Mamaia 2015}) 12... Qxc5 13. Rc1 Qe7 {The position is equal.} 14. Nf3 O-O 15. e4 Rd8 16. Qe3 Bd7 17. O-O {[#]} Rac8 $146 ({Predecessor:} 17... Be8 18. e5 Qd7 19. Bb5 {½-½ (37) Xiu,D (2371)-Xu,J (2522) China 2008}) 18. b4 Be8 19. Be2 a6 20. Rc5 Nb8 21. Rfc1 Rxc5 22. Rxc5 Bc6 23. Rc1 h6 24. h3 Qf6 25. e5 Qg6 26. Rc4 Bb5 27. Rc7 {next Bxb5 is good for White.} Bc6 28. Qf4 Nd7 29. Qh4 ({Not} 29. Nh4 $2 Qb1+ 30. Bf1 g5 $19) 29... f6 30. Qd4 (30. exf6 $11 Nxf6 31. Re7) 30... fxe5 $1 $15 31. Qd6 Qf6 $1 32. Bc4 Nf8 33. Qxe5 Rd1+ $1 34. Kh2 Bxf3 35. Qxf6 gxf6 36. gxf3 $17 {[%mdl 4096] Endgame KRB-KRN} b5 $1 {[%cal Rb5c4]} 37. Ba2 Rd2 (37... Rd3 $1 $17 {[%cal Rd3f3]} 38. Re7 Rxa3 39. Bxe6+ Nxe6 40. Rxe6 Kf7) 38. Bb1 $15 Rxf2+ (38... f5 $15) 39. Kg3 $11 Rb2 (39... Rd2 {is more complex.} 40. Be4 Rd6 41. h4 Nd7 42. Ra7 Ne5) 40. Bc2 (40. Be4 {keeps more tension.} Ra2 41. Rc3 Rd2 42. h4 Rd6 43. Rc8) 40... Ra2 41. Rc3 (41. Kg4 $11 {keeps the balance.}) 41... f5 $1 $17 42. Bb3 Rb2 43. f4 (43. Rd3 $17) 43... Rd2 $1 $19 44. Kf3 {[#]} Kf7 $1 45. Ke3 Rd6 (45... Rh2 $19 {has better winning chances.} 46. Kd4 Ng6) 46. Rd3 Ke7 47. Bd1 Rxd3+ 48. Kxd3 $17 {KB-KN} Ng6 49. Ke3 Nh4 50. Kf2 Ng6 51. Ke3 Kd6 52. Bf3 $1 Kc7 53. Bh5 Ne7 {And now ...Nd5+ would win.} 54. Bf3 Nc6 55. Bg2 Kd6 56. h4 Kc7 57. Bh1 Ne7 58. Bf3 Kd6 {White should prevent ...Nd5+.} 59. Bb7 Nd5+ 60. Kf3 Nb6 61. Bxa6 Kc6 62. Ke3 Nd5+ 63. Kf3 $2 {[%mdl 8192] [#]} (63. Kd4 $11 Nxf4 64. Ke5 Nd3+ 65. Kd4) 63... Ne7 $1 $19 64. a4 bxa4 {[%cal Bb5a4,Ba4a3][%mdl 32]} 65. Bc4 Nd5 66. h5 a3 {Precision: White = 42%, Black = 65%.} 0-1

[Event "NOR-ch Elite 2017"]
[Site "Stavanger"]
[Date "2017.07.04"]
[Round "5"]
[White "Christiansen, Johan-Sebastian"]
[Black "Haug, Johannes"]
[Result "1/2-1/2"]
[WhiteElo "2471"]
[BlackElo "2328"]
[Annotator "TA"]
[PlyCount "199"]
[EventDate "2017.??.??"]
[EventType "swiss"]
[EventCountry "NOR"]
[SourceTitle "playchess.com"]
[Source "ChessBase"]
[SourceQuality "1"]

{[%evp 19,198,-14,-15,-33,-40,-40,-43,-55,-30,-62,-51,-69,0,-164,-161,-141,-182,-172,-190,-158,-120,-208,-209,-203,-192,-175,-197,-193,-116,-135,-68,-197,-86,-166,-171,-170,-17,-17,-19,-18,118,116,135,54,54,62,62,54,41,25,26,24,77,71,78,70,78,70,78,78,78,70,96,96,96,70,108,83,108,78,84,77,77,77,77,63,63,63,63,63,78,78,78,0,78,78,78,56,78,78,78,56,78,48,78,78,78,56,71,71,71,71,78,71,71,71,78,71,71,71,78,56,71,71,71,56,78,77,77,71,78,64,78,71,77,71,71,71,71,48,48,48,48,48,48,48,48,48,48,48,48,48,48,48,48,48,48,48,48,48,49,48,48,0,49,48,49,49,49,49,49,48,48,48,49,0,0,0,0,0,0,0,0,0,0,0,0,0,0,0,0]} 1. e4 c6 2. Nc3 d5 3. d4 dxe4 4. Nxe4 Bf5 5. Ng3 Bg6 6. h4 h6 7. Nh3 Nf6 8. Nf4 Bh7 9. Bc4 e6 10. O-O Bd6 11. Nxe6 {B18: Classical Caro-Kann: 4...Bf5 sidelines} fxe6 12. Bxe6 Qc7 (12... Na6 13. Re1 Kf8 14. Qf3 Nc7 15. Bb3 Bg8 16. Nf5 Bxb3 17. axb3 Ncd5 18. Re6 Bb4 {½-½ (67) Arman,D (2377)-Nabaty,T (2640) Zalakaros 2017}) 13. Re1 {Black is slightly better.} Bxg3 $146 ({Predecessor:} 13... Nbd7 14. Bg8+ Kf8 15. Bxh7 Rxh7 16. Nf5 g6 17. Bxh6+ Kg8 18. Nxd6 Qxd6 {0-1 (58) Tal,M-Botvinnik,M Moscow 1960}) 14. fxg3 Qxg3 15. Re3 $1 {[%cal Re3g3]} Qd6 (15... Qxh4 $2 16. Bf5+ Kf7 17. Rh3 $18) (15... Qc7 $1 $15 16. Qf3 Nbd7 17. Bh3+ Kf8) 16. Qf3 $2 (16. Bh3+ $1 $11 Kf8 17. Re6) 16... Nbd7 (16... Qxd4 17. c3 $15) 17. Bh3+ Kf7 {[%cal Be8f7,Bf7e7,Be7d8][%mdl 32]} 18. Be6+ Ke7 19. Bd2 Rae8 (19... Qxd4 20. Bc3 $16) 20. a3 {[#]} (20. Ba5 $17) 20... Kd8 $1 $19 ({Don't go for} 20... Qxd4 $2 21. Bc3 $18) 21. Bb4 Qxe6 22. Rxe6 Rxe6 23. c4 Be4 (23... Rhe8 $19 {aiming for ...Re2.} 24. d5 cxd5 25. cxd5 Re3) 24. Qg3 $17 g5 (24... Rhe8 $17 {Hoping for ...Nh5.} 25. Rf1 Nh5) 25. Re1 {[#]} ({Better is} 25. Qh3 $15 g4 26. Qe3) 25... Rg8 (25... gxh4 $1 $19 {has better winning chances.} 26. Qxh4 Rg8) 26. d5 (26. Qh3 $17 g4 27. Qg3) 26... cxd5 $19 27. cxd5 Bxd5 $2 ({Don't take} 27... Nxd5 28. Qb3 $15) (27... Ree8 $19 {White must now prevent ...gxh4.} 28. h5 (28. Qd6 $2 gxh4 29. Re2 Rg6 $19) 28... Bxd5) 28. Rxe6 $11 Bxe6 29. Qe3 Bd5 (29... Re8 $11 30. hxg5 hxg5 31. Qxa7 Kc7) 30. Be7+ $16 Kc8 31. Bxf6 ({White should play} 31. Qc3+ $16 Bc6 32. Bxf6) 31... Nxf6 $14 32. Qc3+ Kd7 33. Qxf6 gxh4 34. Qxh4 (34. Qd4 {is more complex.} Rxg2+ 35. Kf1 Ke6 36. Qxh4 Rg6 37. Qh3+) 34... Rxg2+ {[%mdl 4096] Endgame KQ-KRB} 35. Kf1 Bc6 (35... Rxb2 $11 36. Qd4 Rb1+ 37. Ke2 Kc6) 36. Qxh6 a6 37. Ke1 Kc7 38. Kd1 Kb8 39. Kc1 Ka7 40. Qh8 Kb6 41. Qd4+ Kc7 42. Kb1 Kb8 43. Ka2 Re2 44. Kb3 Re4 45. Qd8+ Ka7 46. Kc3 b6 47. b4 Re3+ 48. Kb2 $1 Re2+ 49. Kc1 Rg2 50. Qe7+ Kb8 51. Kd1 (51. Qf8+ $16 Kc7 52. Qe7+ Kb8 53. Qe6) 51... b5 (51... Bf3+ $1 $11 52. Kc1 Bc6) 52. Kc1 Bb7 53. Qd7 Ka8 54. Qc7 Rg8 {Threatens to win with ...Rc8.} 55. Kd2 (55. Qf4 {feels hotter.} Rh8 56. Kb2 Rh3 57. Qg4 Rf3 58. Qg8+) 55... Rc8 56. Qd7 Ka7 57. Kd3 Rc6 58. Kd4 Rc8 59. Ke5 Rc6 60. Qd8 Ba8 61. Qd4+ Kb8 62. Qf4 Bb7 63. Qf8+ Ka7 64. Qf2+ Kb8 65. Qg1 Ka8 66. Qg8+ Ka7 67. Qf8 Ba8 68. Qf2+ Kb8 69. Qg3 Bb7 70. Ke4+ Ka8 71. Kd4 Rc4+ 72. Ke5 Rc6 73. Qb3 Ka7 74. a4 bxa4 75. Qxa4 Kb8 76. Qa5 Ba8 77. Qd8+ Ka7 78. Qd4+ Kb8 79. Kd5 Bb7 80. Qf4+ Ka8 81. Kd4 (81. Qe5 {keeps more tension.} Ka7 82. Qe3+ Kb8 83. Qg3+ Rc7+ 84. Kd6) 81... Rc8 82. Qf7 Rc6 83. Qg8+ Rc8 84. Qa2 (84. Qg3 {is interesting.} Bc6 85. Ke3 Kb7 86. Qg5 Re8+ 87. Kd4) 84... Kb8 85. Qa5 Rc6 86. Ke5 Ba8 87. Kd5 Rh6+ 88. Kd4 {And now Qe5+ would win.} Rc6 89. Qa4 Bb7 90. Kd5 Rh6+ 91. Kc5 Rc6+ 92. Qxc6 (92. Kd4 {seems wilder.} Ka7 93. Qa3 Rc8 94. Qe3 Bc6 95. Kc3+) 92... Bxc6 {The position is equal.} 93. Kxc6 a5 94. bxa5 $11 {KP-K} Ka7 95. Kb5 Kb7 96. a6+ Ka7 97. Ka5 Ka8 98. Kb6 Kb8 99. a7+ Ka8 100. Ka6 $2 {[%mdl 8192] Precision: White = 43%, Black = 50%.} (100. Kc5) 1/2-1/2

[Event "NOR-ch Elite 2017"]
[Site "Stavanger"]
[Date "2017.07.04"]
[Round "5"]
[White "Arvola, Benjamin"]
[Black "Lovik, Lasse Ostebo"]
[Result "1-0"]
[WhiteElo "2469"]
[BlackElo "2400"]
[Annotator "TA"]
[PlyCount "77"]
[EventDate "2017.??.??"]
[EventType "swiss"]
[EventCountry "NOR"]
[SourceTitle "playchess.com"]
[Source "ChessBase"]
[SourceQuality "1"]

{[%evp 23,77,38,35,22,30,34,33,41,52,54,45,42,52,51,57,50,59,36,69,70,71,75,82,67,198,195,195,182,194,209,207,197,202,199,334,334,406,353,415,403,397,382,425,418,417,410,523,519,506,517,514,498,546,554,606,613]} 1. e4 e6 2. d4 d5 3. Nd2 Nf6 4. e5 Nfd7 5. Bd3 c5 6. c3 Nc6 7. Ne2 cxd4 8. cxd4 f6 9. exf6 Nxf6 10. O-O Bd6 11. Nf3 Qc7 12. h3 O-O 13. Be3 {C06: French Tarrasch: 3...Nf6 4 e5 Nfd7 5 Bd3 main lines} Bd7 14. Re1 Rac8 (14... Be8 15. Ng5 Bf7 16. Rc1 Kh8 17. a3 Bg8 18. b4 a6 19. g3 h6 20. Nf4 Bxf4 21. Bxf4 {1-0 (38) Navara,D (2729)-Michiels,B (2563) Wijk aan Zee 2015}) 15. Rc1 {White is slightly better.} Qb8 16. Nc3 $146 ({Predecessor:} 16. a3 Na5 17. b4 Nc4 18. Qb3 b5 19. Bb1 Be8 20. Ng5 Bf7 21. Ng3 Bxg3 22. fxg3 Qxg3 23. Nxf7 Kxf7 {0-1 (29) Homolkova,I (1498)-Beluska,T (1729) Frydek Mistek 2014}) 16... a6 17. Bb1 b5 18. Qd3 Nb4 19. Qd2 Nc6 20. Bg5 Nh5 21. Ne5 Nxe5 22. dxe5 Bc5 23. Nd1 $1 {Strongly threatening g4.} Qa7 {[#]} ({Black should try} 23... Bb6 $14) 24. g4 $1 $40 {[%cal Rg4h5][%mdl 128] Black is in trouble.} Ng3 {[#]} 25. Rxc5 $1 {[%mdl 512]} Qxc5 26. Be3 {[%cal Bg5e3,Be3d4,Bd4c3][%mdl 32]} d4 27. Bxd4 Qd5 {[%csl Gg3][%cal Rd5h1]} 28. fxg3 {Nc3 is the strong threat.} Rc4 (28... Bc6 $142 29. Kh2 (29. Be4 Qxa2 30. Bxc6 Rxc6 $18) 29... Rcd8) 29. Bc3 Qf3 30. Qd3 g6 31. Qxf3 Rxf3 32. Re3 Rf8 33. Nf2 b4 34. Bd3 bxc3 35. Bxc4 {White is clearly winning.} cxb2 36. Rb3 Rc8 37. Bd3 Rc1+ 38. Kh2 Bb5 39. Rxb2 {Precision: White = 89%, Black = 35%.} 1-0